Využitie medzinárodných účtovných štandardov v oblasti finančných nástrojov diplomová práca

Gespeichert in:
Bibliographische Detailangaben
1. Verfasser: Mertlová, Petra
Körperschaft: Národohospodárska fakulta EU. Katedra financií
Weitere Verfasser: Staríčková, Zuzana
Format: Buch
Sprache:Slowakisch
Veröffentlicht: Bratislava 2011
Tags: Tag hinzufügen
Keine Tags, Fügen Sie das erste Tag hinzu!

MARC

LEADER 00000nbm a2200000 4500
001 0157739
005 20161212131046.5
041 0 |a slo 
044 |a SK 
245 1 0 |a Využitie medzinárodných účtovných štandardov v oblasti finančných nástrojov  |b diplomová práca  |c Petra Mertlová ; školiteľ: Zuzana Staríčková 
264 1 |a Bratislava  |c 2011 
300 |a 66 s. 
100 1 |a Mertlová, Petra 
700 1 |a Staríčková, Zuzana 
710 2 |a Národohospodárska fakulta EU. Katedra financií